|
|
|
|
| LEADER |
00000nam2a2200000 4500 |
| 001 |
138195 |
| 005 |
20231031141351.0 |
| 035 |
|
|
|a (RuTPU)RU\TPU\book\149746
|
| 090 |
|
|
|a 138195
|
| 100 |
|
|
|a 20080521d1953 m y0rusy50 ca
|
| 101 |
0 |
|
|a rus
|
| 102 |
|
|
|a RU
|
| 105 |
|
|
|a a z 001zy
|
| 200 |
0 |
|
|a Ч. 1
|
| 210 |
|
|
|d 1953
|
| 215 |
|
|
|a 149 с.
|c ил.
|
| 320 |
|
|
|a Библиография в конце статей
|
| 461 |
|
1 |
|0 (RuTPU)RU\TPU\book\171378
|t Химическая технология и металлургия бериллия и его сплавов
|o сборник переводов
|f под ред. М. Б. Борисова
|v Ч. 1
|d 1953
|s Редкие металлы
|
| 512 |
1 |
|
|a Бериллий. 1
|
| 610 |
1 |
|
|a химия
|
| 610 |
1 |
|
|a химическая технология
|
| 610 |
1 |
|
|a металлургия
|
| 610 |
1 |
|
|a бериллий
|
| 610 |
1 |
|
|a сплавы
|
| 675 |
|
|
|a 546.45
|v 3
|
| 801 |
|
1 |
|a RU
|b 63413507
|c 20080521
|g PSBO
|
| 801 |
|
2 |
|a RU
|b 63413507
|c 20090416
|g PSBO
|
| 942 |
|
|
|c BK
|